[Event "11th LCC FIDE Open 2019"]
[Site "London"]
[Date "2019.11.30"]
[Round "2.54"]
[White "Walker, Samuel A"]
[Black "Kuzhelev, Timur"]
[Result "1-0"]
[WhiteElo "2039"]
[BlackElo "1716"]
[Annotator "NA"]
[PlyCount "85"]
[EventDate "2019.11.29"]
[EventType "swiss"]
[EventCountry "ENG"]
[SourceTitle "playchess.com"]
[Source "ChessBase"]
[SourceQuality "1"]
[TimeControl "40/5400+30:1800+30"]

1. e4 {[%emt 0:59:55]} e5 {[%emt 0:00:04]} 2. Nf3 {[%emt 0:00:14]} d5 {[%emt 0:00:04]} 3. exd5 {[%emt 0:02:53]} e4 {[%emt 0:00:03]} 4. Qe2 {[%emt 0:06:31]} Nf6 {[%emt 0:00:07]} 5. Nc3 {[%emt 0:00:48]} Be7 {[%emt 0:00:03]} 6. Nd4 {[%emt 0:09:14]} (6. Nxe4 $14 O-O 7. Nxf6+ Bxf6 8. d4) 6... O-O {[%emt 0:01:07]} 7. Qc4 {[%emt 0:00:57]} (7. d3 $11 {remains equal.}) 7... Nbd7 {[%emt 0:01:55]} 8. Be2 {[%emt 0:02:45]} Nb6 {[%emt 0:02:00]} 9. Qb3 {[%emt 0:00:20]} Nbxd5 {[%emt 0:00:09]} 10. d3 $19 {[%emt 0:02:55] [#]} (10. Nxd5 $17 Qxd5 11. Qxd5 Nxd5 12. f3) 10... exd3 $2 {[%emt 0:01:17]} (10... Nb6 $1 $19 {has better winning chances.} 11. Nxe4 Qxd4) 11. Nxd5 {[%emt 0:06:08]} Nxd5 {[%emt 0:04:19]} 12. Bxd3 {[%emt 0:01:39]} Bb4+ {[%emt 0:00:06]} 13. c3 {[%emt 0:01:58]} Re8+ {[%emt 0:00:04]} 14. Kf1 {[%emt 0:02:57]} Bc5 {[%emt 0:05:18]} 15. Bc4 {[%emt 0:03:23]} c6 {[%emt 0:03:11]} 16. Bxd5 {[%emt 0:04:54]} cxd5 {[%emt 0:00:06]} 17. Be3 {[%emt 0:00:22]} b6 {[%emt 0:03:18]} 18. Rd1 {[%emt 0:01:37]} Ba6+ {[%emt 0:00:55]} 19. Kg1 {[%emt 0:00:13]} Bc4 {[%emt 0:03:24]} 20. Qc2 {[%emt 0:00:48]} Rc8 {[%emt 0:01:49]} 21. h4 {[%emt 0:01:24]} h6 {[%emt 0:02:39]} 22. Rh3 Re4 {[%emt 0:06:07]} 23. Nf5 {[%emt 0:07:38]} Qf6 {[%emt 0:06:16]} 24. Rf3 {[%emt 0:00:36]} Bxe3 {[%emt 0:03:02]} 25. Nxe3 {[%emt 0:03:17]} Qxh4 {[%emt 0:08:16]} 26. Qd2 {[%emt 0:11:25]} Rce8 {[%emt 0:06:46]} 27. b3 {[%emt 0:01:25]} Bd3 {[%emt 0:00:52]} 28. Qxd3 {[%emt 0:00:26]} R8e5 {[%emt 0:02:13]} 29. Rf5 {[%emt 0:04:44]} Re6 {[%emt 0:05:56]} 30. Rxd5 {[%emt 0:00:58]} g6 {[%emt 0:00:17]} 31. Rd4 {[%emt 0:00:39]} Rxd4 {[%emt 0:00:58]} 32. cxd4 {[%emt 0:00:40]} Rf6 {[%emt 0:00:18]} 33. Qd2 {[%emt 0:00:38]} b5 {[%emt 0:00:14]} 34. d5 {[%emt 0:00:08]} Rd6 {[%emt 0:00:03]} 35. Qd4 {[%emt 0:00:16]} Qe7 {[%emt 0:00:07]} 36. Rc1 {[%emt 0:00:33]} Rd8 {[%emt 0:00:53]} 37. b4 {[%emt 0:01:44]} f5 {[%emt 0:00:08]} 38. Qf4 {[%emt 0:01:27]} Kh7 {[%emt 0:02:21]} 39. Rc7 {[%emt 0:00:40]} Rd7 {[%emt 0:00:04]} 40. Nxf5 {[%emt 0:02:02]} Qe1+ {[%emt 0:01:07]} 41. Kh2 {[%emt 0:00:12]} g5 {[%emt 0:00:03]} 42. Rxd7+ {[%emt 0:00:12]} Kg6 {[%emt 0:00:04]} 43. Rd6+ {[%emt 0:01:38]} 1-0

[Event "11th LCC FIDE Open 2019"]
[Site "London"]
[Date "2019.12.01"]
[Round "4.1"]
[White "Petrov, Martin"]
[Black "Aravindh, Chithambaram VR."]
[Result "1/2-1/2"]
[WhiteElo "2497"]
[BlackElo "2605"]
[Annotator "ChessBase"]
[PlyCount "49"]
[EventDate "2019.11.29"]
[EventType "swiss"]
[EventCountry "ENG"]
[SourceTitle "playchess.com"]
[Source "ChessBase"]
[SourceQuality "1"]
[TimeControl "40/5400+30:1800+30"]

1. e4 {[%emt 0:00:00]} c5 {[%emt 0:01:24]} 2. Nf3 {[%emt 0:00:00]} Nc6 {[%emt 0:00:09]} 3. d4 {[%emt 0:00:00]} cxd4 {[%emt 0:00:06]} 4. Nxd4 {[%emt 0:00:00]} g6 {[%emt 0:00:09]} 5. Nc3 {[%emt 0:00:01]} Bg7 {[%emt 0:00:07]} 6. Be3 {[%emt 0:00:04]} Nf6 {[%emt 0:00:08]} 7. Bc4 {[%emt 0:00:07]} O-O {[%emt 0:00:22]} 8. Bb3 {[%emt 0:00:06]} Re8 {[%emt 0:00:32]} 9. Nxc6 {[%emt 0:06:15]} dxc6 {[%emt 0:00:32]} 10. Qf3 {[%emt 0:01:29]} Qc7 {[%emt 0:04:54]} 11. h3 {[%emt 0:06:29]} b6 {[%emt 0:19:05]} 12. O-O {[%emt 0:11:19]} e5 {[%emt 0:01:18]} 13. a4 {[%emt 0:05:34]} Be6 {[%emt 0:04:00]} 14. Bxe6 {[%emt 0:02:07]} Rxe6 {[%emt 0:00:07]} 15. Qe2 {[%emt 0:04:30]} Bf8 {[%emt 0:02:08]} 16. Qc4 {[%emt 0:03:33]} Ne8 {[%emt 0:00:40]} 17. Rfd1 {[%emt 0:01:22]} Nd6 {[%emt 0:02:00]} 18. Nb5 {[%emt 0:01:59]} Qb7 {[%emt 0:04:11]} 19. Nxd6 {[%emt 0:00:49]} Rxd6 {[%emt 0:00:04]} 20. Rxd6 {[%emt 0:00:27]} Bxd6 {[%emt 0:00:05]} 21. Rd1 {[%emt 0:00:34]} Be7 {[%emt 0:00:36]} 22. Rd3 {[%emt 0:07:23]} Rd8 {[%emt 0:01:37]} 23. Rxd8+ {[%emt 0:02:26]} Bxd8 {[%emt 0:00:07]} 24. Kf1 {[%emt 0:02:32]} Be7 {[%emt 0:03:55]} 25. Ke2 {[%emt 0:01:26]} 1/2-1/2

[Event "11th LCC FIDE Open 2019"]
[Site "London"]
[Date "2019.12.01"]
[Round "4.2"]
[White "Moussard, Jules"]
[Black "Gormally, Daniel W"]
[Result "0-1"]
[WhiteElo "2600"]
[BlackElo "2491"]
[Annotator "ChessBase"]
[PlyCount "86"]
[EventDate "2019.11.29"]
[EventType "swiss"]
[EventCountry "ENG"]
[SourceTitle "playchess.com"]
[Source "ChessBase"]
[SourceQuality "1"]
[TimeControl "40/5400+30:1800+30"]

1. e4 {[%emt 0:04:06]} c5 {[%emt 0:00:00]} 2. Nf3 {[%emt 0:00:06]} d6 {[%emt 0:00:03]} 3. d4 {[%emt 0:00:04]} cxd4 {[%emt 0:00:06]} 4. Nxd4 {[%emt 0:00:10]} Nf6 {[%emt 0:00:20]} 5. Nc3 {[%emt 0:00:17]} a6 {[%emt 0:00:05]} 6. h3 {[%emt 0:00:09]} e6 {[%emt 0:02:59]} 7. g4 {[%emt 0:00:21]} Be7 {[%emt 0:00:35]} 8. g5 {[%emt 0:00:46]} Nfd7 {[%emt 0:00:11]} 9. Be3 {[%emt 0:00:32]} Nc6 {[%emt 0:01:14]} 10. h4 {[%emt 0:05:31]} O-O {[%emt 0:03:00]} 11. Qd2 {[%emt 0:04:28]} Nxd4 {[%emt 0:02:04]} 12. Qxd4 {[%emt 0:05:27]} b5 {[%emt 0:01:06]} 13. O-O-O {[%emt 0:18:08]} Bb7 {[%emt 0:01:07]} 14. f4 {[%emt 0:15:39]} Qa5 {[%emt 0:10:39]} 15. a3 {[%emt 0:03:48]} Rfc8 {[%emt 0:03:30]} 16. Kb1 {[%emt 0:03:12]} d5 {[%emt 0:14:28]} 17. Rh3 {[%emt 0:02:46]} b4 {[%emt 0:09:39]} 18. axb4 {[%emt 0:01:00]} Bxb4 {[%emt 0:00:08]} 19. Na2 {[%emt 0:04:05]} Bc5 {[%emt 0:06:04]} 20. Qd2 {[%emt 0:00:33]} Qc7 {[%emt 0:02:34]} 21. e5 {[%emt 0:06:28]} d4 {[%emt 0:04:58]} 22. Bf2 {[%emt 0:00:37]} Bd5 {[%emt 0:02:24]} 23. Nc1 {[%emt 0:01:38]} a5 {[%emt 0:04:32]} 24. Nb3 {[%emt 0:04:21]} Bb4 {[%emt 0:03:12]} 25. Qe2 {[%emt 0:01:36]} a4 {[%emt 0:03:11]} 26. Nxd4 {[%emt 0:00:07]} a3 {[%emt 0:00:12]} 27. c4 {[%emt 0:03:09]} axb2 {[%emt 0:03:42]} 28. Qxb2 {[%emt 0:02:21]} Be4+ {[%emt 0:04:32]} 29. Bd3 {[%emt 0:00:18]} Nc5 {[%emt 0:04:34]} 30. Bc2 {[%emt 0:04:31]} Qa5 {[%emt 0:02:25]} 31. Nb3 {[%emt 0:00:28]} Bxc2+ {[%emt 0:03:56]} 32. Kxc2 {[%emt 0:00:14]} Nxb3 {[%emt 0:02:18]} 33. Qxb3 {[%emt 0:00:03]} Qa6 {[%emt 0:01:19]} 34. Kd3 {[%emt 0:00:45]} Qb7 {[%emt 0:03:32]} 35. Rb1 {[%emt 0:03:36]} Qg2 {[%emt 0:01:19]} 36. Ke2 {[%emt 0:02:42]} Ra3 {[%emt 0:00:35]} 37. Qxb4 {[%emt 0:00:15]} Qxh3 {[%emt 0:00:34]} 38. Qb7 {[%emt 0:00:32]} Qd3+ {[%emt 0:00:34]} 39. Ke1 {[%emt 0:00:01]} Qxc4 {[%emt 0:00:16]} 40. h5 {[%emt 0:01:53]} Ra2 {[%emt 0:00:43]} 41. Qf3 {[%emt 0:30:11]} Qc1+ {[%emt 0:30:22]} 42. Qd1 {[%emt 0:00:17]} Qxf4 {[%emt 0:00:31]} 43. Qc2 {[%emt 0:00:19]} Raxc2 {[%emt 0:00:11]} 0-1

[Event "11th LCC FIDE Open 2019"]
[Site "London"]
[Date "2019.12.01"]
[Round "4.3"]
[White "Song, Raymond"]
[Black "Praggnanandhaa R"]
[Result "0-1"]
[WhiteElo "2468"]
[BlackElo "2586"]
[Annotator "TA"]
[PlyCount "124"]
[EventDate "2019.11.29"]
[EventType "swiss"]
[EventCountry "ENG"]
[SourceTitle "playchess.com"]
[Source "ChessBase"]
[SourceQuality "1"]

{[%evp 18,124,27,21,8,4,89,52,59,61,77,56,35,47,43,0,0,-31,-15,-22,-18,-25,-20,-31,-21,-25,0,0,9,-18,-20,-29,0,0,18,31,29,19,106,107,133,148,195,182,193,193,203,19,17,19,20,14,163,117,150,-151,8,12,131,-46,-52,-132,-125,-131,-141,-126,-139,-123,-123,-136,-136,-120,-118,-564,-571,-1025,-1020,-987,-964,-914,-888,-1109,-920,-1056,-1037,-1057,-1018,-874,-588,-562,-563,-562,-546,-506,-453,-1064,-493,-491,-491,-815,-825,-711,-666,-686,-671,-1055,-753,-779,-670]} 1. d4 Nf6 2. c4 g6 3. g3 Bg7 4. Bg2 d6 5. Nf3 O-O 6. O-O Nbd7 7. Nc3 e5 8. e4 c6 9. Be3 Ng4 10. Bg5 f6 {E68: King's Indian: Fianchetto: 6...Nbd7 7 0-0 e5 8 e4} 11. Bd2 (11. Bc1 exd4 12. Nxd4 Nc5 13. Rb1 a5 14. b3 f5 15. exf5 Qf6 16. Nce2 Bxf5 17. Nxf5 Qxf5 18. Ba3 Nxf2 19. Qxd6 {0-1 (77) Kovalenko,I (2656)-Kotronias,V (2565) Cappelle-la-Grande 2015}) 11... f5 (11... exd4 $1 $11 12. Nxd4 Nc5) 12. Bg5 Bf6 $146 {White is slightly better.} ({Predecessor:} 12... Qb6 13. Be7 exd4 14. Na4 Qa5 15. Bxf8 Nxf8 16. exf5 Bxf5 17. h3 Ne5 18. Nxd4 {1-0 (34) Engelen,J (2360)-Booij,R (2370) ICCF email 2016}) 13. Bxf6 Qxf6 14. Rc1 f4 15. d5 Nh6 16. dxc6 bxc6 17. Qd2 Nf7 18. b4 g5 19. Rfd1 Nb6 20. c5 dxc5 21. bxc5 Nd7 22. Na4 {[%cal Bc3a4,Ba4b2,Bb2c4,Bc4d6][%mdl 32]} Qe7 23. Ne1 Nf6 24. Nd3 Be6 25. Qc3 Nd7 26. Nab2 Qf6 27. Nc4 f3 (27... h5 $11) 28. Bf1 $16 g4 29. Nd6 h5 30. Nb4 h4 {If Black can now play ...hxg3 this consolidates a bit.} 31. Nxc6 Kg7 32. Nb4 $2 (32. Bc4 $1 $18) 32... hxg3 $1 $11 33. fxg3 f2+ 34. Kh1 {Strongly threatening Nd5.} Rh8 (34... Nxd6 $11 {and Black is okay.} 35. Rxd6 Qg6) 35. Nxf7 Qxf7 36. Rc2 $2 {[#]} (36. h4 $1 $16 {is necessary to keep the advantage.}) 36... Raf8 $2 ({Black should try} 36... Rxh2+ $1 $17 {[%mdl 512]} 37. Kxh2 Qh5+ 38. Kg2 Rf8 39. Rxf2 Rh8 40. Rf7+ (40. Rxd7+ $2 Bxd7 41. Rf7+ Kxf7 $19) 40... Kxf7) 37. h4 {Black must now prevent c6.} Qf6 (37... gxh3 $11 38. c6 Nf6 39. Qxe5 (39. Rxf2 Qh5 $15) 39... Qh5 40. Qxh5 Rxh5) 38. Kg2 $2 {[#]} (38. Rd3 $1 $16) 38... Nxc5 $1 $15 {[%mdl 512]} 39. Qe3 (39. Qxc5 $2 {[#] is a self mate.} Qf3+ $1 {[%mdl 512]} 40. Kh2 Rxh4+ $1 {[%mdl 512]} 41. gxh4 g3#) ({Better is} 39. Nc6 $1 $15) 39... Qf3+ $17 40. Qxf3 gxf3+ 41. Kxf2 Nxe4+ 42. Ke3 {Rc7+ is the strong threat.} Nxg3 43. Rc7+ Kf6 44. Kxf3 Nf5 $36 {[%mdl 2048] Black is in control.} 45. Rxa7 $2 {[%mdl 8192]} (45. Nd5+ $17 {is more resistant.} Bxd5+ 46. Rxd5) 45... Rxh4 $19 {Black is clearly winning.} 46. Nc6 Rf4+ 47. Ke2 Ng3+ 48. Kd3 Nxf1 49. Re1 Bf5+ 50. Ke2 Ng3+ 51. Ke3 Re4+ 52. Kf2 Rxe1 53. Kxe1 Be4 54. Nb4 Rh8 55. Kd2 Rc8 56. a4 (56. Ra3 $142 Rd8+ 57. Ke1) 56... Rb8 (56... Rc4 $142 57. Ra6+ Kf5) 57. Na6 Rd8+ 58. Kc3 (58. Ke1 $142) 58... Ne2+ 59. Kb4 Rd4+ 60. Ka5 Nc3 61. Nc5 Bc2 62. Rc7 Bxa4 {Accuracy: White = 43%, Black = 52%.} 0-1

[Event "11th LCC FIDE Open 2019"]
[Site "London"]
[Date "2019.12.01"]
[Round "4.4"]
[White "Smirnov, Anton"]
[Black "Pert, Richard G"]
[Result "1-0"]
[WhiteElo "2573"]
[BlackElo "2436"]
[Annotator "TA"]
[PlyCount "159"]
[EventDate "2019.11.29"]
[EventType "swiss"]
[EventCountry "ENG"]
[SourceTitle "playchess.com"]
[Source "ChessBase"]
[SourceQuality "1"]

{[%evp 9,159,27,25,16,22,23,33,27,31,20,17,25,23,6,13,-33,-26,-97,-93,-137,-161,-131,-125,-181,-187,-181,-113,-133,-118,-142,-152,-147,-138,-119,-103,-104,-87,-166,-89,-86,-66,-113,-106,-101,-108,-110,-118,-114,-127,-129,-79,-83,-47,-213,0,0,0,0,0,0,0,0,8,0,0,0,0,0,0,0,0,0,0,0,0,0,0,0,41,0,0,0,0,0,0,0,0,0,0,0,0,0,0,0,0,0,0,0,0,0,12851,12851,12851,12851,12851,12851,12851,12851,12851,12851,12851,12851,12851,12851,12851,29944,12851,29961,12851,29970,12851,29971,12851,29941,12851,29972,12851,29970,12851,29973,12851,12851,12851,29969,12851,29971,12851,29946,12851,29973,12851,29958,12851,29964,12851,29951,12851,29969,12851,29971,12851,12851]} 1. d4 d5 2. c4 e6 3. Nf3 Nf6 4. Nc3 a6 5. cxd5 exd5 6. Bg5 {D37: Queen's Gambit Declined: 5 Bf4} Be6 7. e3 Nbd7 8. Bd3 {White is slightly better.} Be7 (8... c6 9. Qb3 Qb6 10. Qxb6 Nxb6 11. Bxf6 gxf6 12. Nh4 a5 13. O-O-O Bb4 {1-0 (40) So,W (2767)-Demchenko,A (2655) Khanty-Mansiysk 2019}) 9. Qc2 h6 10. Bf4 O-O 11. h3 c5 12. g4 Rc8 13. g5 $146 (13. Qb1 $11) ({Predecessor:} 13. Rg1 b5 14. Qd2 b4 15. Na4 c4 16. Bc2 {1-0 (27) David,A (2080)-Gely,Y (1652) Agneaux 2013}) 13... hxg5 $17 14. Nxg5 Nh5 15. Nxe6 fxe6 16. Qe2 (16. Bh2 $17 {might work better.}) 16... Nxf4 17. exf4 Rf6 (17... Rc6 $1 $19 18. Qh5 Nf6) 18. Rg1 Bd6 19. Qh5 {White threatens Qh7+ and mate.} Nf8 $1 20. O-O-O Bxf4+ ({Of course not} 20... cxd4 $6 21. Rxg7+ $3 {[%mdl 512]} Kxg7 22. Rg1+ Ng6 23. Rxg6+ Rxg6 24. Qxg6+ Kf8 25. Qh6+ Ke8 26. Qxe6+ Kf8 27. Qh6+ Kf7 28. Qh7+ Kf8 29. Qh8+ Kf7 30. Qh7+ Kf8 31. Qh8+ Kf7 32. Qh7+ $11) 21. Kb1 Bh6 22. dxc5 Rxc5 23. f4 (23. Qh4 $17 {keeps fighting.}) 23... Rxc3 (23... Bxf4 $19 24. Ne2 Bh6) 24. bxc3 Qb6+ 25. Ka1 Bxf4 26. Rg2 Qc7 27. Kb2 {[#]} Be5 $1 28. Rc1 Rf4 {( -> ...Rb4+)} 29. a3 Qb6+ 30. Ka2 Bf6 31. c4 $2 {[#]} ({White should try} 31. Rb1 $15 Qc6 32. Rb4 Rxb4 33. cxb4) 31... dxc4 $2 (31... Qe3 $1 $19 {[%cal Re3c1]} 32. Qd1 Rd4) 32. Bxc4 $11 Qe3 (32... Qc6 $5 33. Rgc2 $8 Qd6 $11) 33. Qd1 $1 Rf3 34. Bb3 a5 {aiming for ...a4.} 35. Re2 Rf2 $132 {[%mdl 2048] Black has counterplay} 36. Rcc2 Rxe2 37. Rxe2 Qc3 38. Qe1 Qd4 39. Rd2 Qc3 40. Bxe6+ Nxe6 41. Qxe6+ {[%mdl 4096] Endgame KQR-KQB} Kh7 42. Qe4+ {[#]} Kh6 $1 {[%mdl 512]} 43. Qd3 {Qxc3 is the strong threat.} Qa1+ 44. Kb3 {Hoping for Qe3+.} b5 45. Rg2 {[%csl Gg2][%cal Rd3g6]} g5 46. Re2 Qf1 47. a4 bxa4+ 48. Kxa4 Qa1+ $1 49. Kb5 {Strongly threatening Qf5.} a4 $1 50. Re3 {And now Ka5 would win.} (50. h4 {keeps more tension.} gxh4 51. Qe3+ Bg5 52. Qe6+ Qf6 53. Qd5) 50... a3 51. Qxa3 Qxa3 52. Rxa3 {Threatens to win with Rg3. KR-KB} Be5 53. Ra4 {Black must now prevent Kc6.} Bf4 $2 {[%mdl 8192]} (53... Kh5 $11) 54. Ra8 $2 {[%mdl 8192]} (54. Kc6 $11 Kh5 55. Ra8) 54... Kg6 $2 {[%mdl 8192]} (54... Be5 $11 55. Kc4 Kh5) 55. Kc4 $18 Bg3 56. Kd3 Kf5 57. Ke3 Bh4 58. Rf8+ Ke5 59. Kf3 Ke6 60. Kg4 Ke7 61. Ra8 Kf6 62. Ra6+ Kf7 63. Kf5 Ke7 64. Ra7+ Kf8 65. Rh7 (65. Ke6 $18 Kg8 66. Kf6) 65... Kg8 66. Kg6 (66. Rb7 $18 Kf8 67. Ke6) 66... Kf8 67. Kf6 {[%cal Rh7h8]} Ke8 68. Kf5 (68. Ke6 $18 Kd8 69. Rh8+ Kc7 70. Rh7+ Kc8 71. Rd7) 68... Kd8 69. Ke6 Bg3 70. Kf5 Bh4 71. Rg7 Ke8 72. Ke6 {[%cal Rg7g8]} Kd8 73. Rg6 (73. Re7 $18 Kc8 74. Rd7) 73... Kc7 74. Rg8 Kb7 75. Kd7 (75. Kf5 $18 Kc6 76. Rxg5) 75... Kb6 76. Rc8 Kb7 77. Rc6 (77. Rc2 $18 Kb6 78. Ke6) 77... Bg3 78. Rc3 (78. Rc2 $18 Kb6 79. Ke6) 78... Bh4 79. Rb3+ (79. Ke6 $18 Kb6 80. Kf5) 79... Ka6 80. Ke6 {Accuracy: White = 58%, Black = 67%.} 1-0

[Event "11th LCC FIDE Open 2019"]
[Site "London"]
[Date "2019.12.01"]
[Round "4.5"]
[White "Grover, Sahaj"]
[Black "Cherniaev, Alexander"]
[Result "1/2-1/2"]
[WhiteElo "2508"]
[BlackElo "2428"]
[Annotator "ChessBase"]
[PlyCount "105"]
[EventDate "2019.11.29"]
[EventType "swiss"]
[EventCountry "ENG"]
[SourceTitle "playchess.com"]
[Source "ChessBase"]
[SourceQuality "1"]
[TimeControl "40/5400+30:1800+30"]

1. e4 {[%emt 0:00:06]} e5 {[%emt 0:00:57]} 2. Nf3 {[%emt 0:00:23]} Nc6 {[%emt 0:00:23]} 3. Nc3 {[%emt 0:03:46]} Nf6 {[%emt 0:01:17]} 4. Bb5 {[%emt 0:00:19]} Bd6 {[%emt 0:03:16]} 5. d3 {[%emt 0:00:23]} h6 {[%emt 0:08:59]} 6. a3 {[%emt 0:04:05]} a6 {[%emt 0:02:33]} 7. Bc4 {[%emt 0:00:00]} b5 {[%emt 0:00:04]} 8. Ba2 {[%emt 0:00:00]} Bb7 {[%emt 0:00:18]} 9. O-O {[%emt 0:00:38]} Bc5 {[%emt 0:09:02]} 10. Be3 {[%emt 0:03:31]} d6 {[%emt 0:00:18]} 11. d4 {[%emt 0:02:09]} exd4 {[%emt 0:02:31]} 12. Nxd4 {[%emt 0:00:08]} Nxd4 {[%emt 0:03:08]} 13. Bxd4 {[%emt 0:00:06]} Bxd4 {[%emt 0:00:04]} 14. Qxd4 {[%emt 0:00:05]} c5 {[%emt 0:01:52]} 15. Qd3 {[%emt 0:00:56]} O-O {[%emt 0:05:20]} 16. Rad1 {[%emt 0:01:38]} Qb6 {[%emt 0:16:57]} 17. Bd5 {[%emt 0:11:56]} Bxd5 {[%emt 0:00:33]} 18. Nxd5 {[%emt 0:00:07]} Nxd5 {[%emt 0:00:05]} 19. Qxd5 {[%emt 0:00:05]} Rfe8 {[%emt 0:06:31]} 20. Rd3 {[%emt 0:01:44]} Ra7 {[%emt 0:03:50]} 21. f3 {[%emt 0:02:50]} Re6 {[%emt 0:04:26]} 22. Rfd1 {[%emt 0:01:07]} Rae7 {[%emt 0:00:48]} 23. Qf5 {[%emt 0:02:23]} c4+ {[%emt 0:01:20]} 24. Rd4 {[%emt 0:00:45]} Re5 {[%emt 0:00:14]} 25. Qc8+ {[%emt 0:02:38]} Re8 {[%emt 0:00:16]} 26. Qd7 {[%emt 0:00:42]} d5 {[%emt 0:00:17]} 27. exd5 {[%emt 0:02:20]} Re1+ {[%emt 0:06:51]} 28. Rxe1 {[%emt 0:00:06]} Rxe1+ {[%emt 0:00:26]} 29. Kf2 {[%emt 0:00:04]} Rd1 {[%emt 0:00:19]} 30. Qe8+ {[%emt 0:01:47]} Kh7 {[%emt 0:00:26]} 31. Qe4+ {[%emt 0:00:03]} f5 {[%emt 0:00:29]} 32. Qxf5+ {[%emt 0:00:46]} g6 {[%emt 0:05:14]} 33. Qf7+ {[%emt 0:02:05]} Kh8 {[%emt 0:00:01]} 34. c3 {[%emt 0:00:30]} Rxd4 {[%emt 0:00:07]} 35. cxd4 {[%emt 0:00:06]} Qxd4+ {[%emt 0:00:03]} 36. Kg3 {[%emt 0:00:06]} g5 {[%emt 0:00:13]} 37. h3 {[%emt 0:17:46]} Qxb2 {[%emt 0:04:57]} 38. Kg4 {[%emt 0:02:33]} Qe5 {[%emt 0:06:12]} 39. Qf8+ {[%emt 0:00:39]} Kh7 {[%emt 0:00:07]} 40. d6 {[%emt 0:00:39]} Qd4+ {[%emt 0:00:16]} 41. f4 {[%emt 0:30:40]} Qd1+ {[%emt 0:32:58]} 42. Kg3 {[%emt 0:00:54]} gxf4+ {[%emt 0:03:28]} 43. Qxf4 {[%emt 0:00:17]} Qd5 {[%emt 0:02:15]} 44. Qf6 {[%emt 0:00:48]} c3 {[%emt 0:01:28]} 45. Qe7+ {[%emt 0:00:30]} Kg6 {[%emt 0:00:40]} 46. d7 {[%emt 0:02:30]} c2 {[%emt 0:00:00]} 47. Qe8+ {[%emt 0:00:00]} Kg7 {[%emt 0:00:00]} 48. d8=Q {[%emt 0:00:00]} Qxd8 {[%emt 0:00:00]} 49. Qxd8 {[%emt 0:00:00]} c1=Q {[%emt 0:00:00]} 50. Qe7+ {[%emt 0:00:00]} Kg6 {[%emt 0:00:00]} 51. Qe6+ {[%emt 0:00:00]} Kg7 {[%emt 0:00:00]} 52. Qxa6 {[%emt 0:00:00]} Qe3+ {[%emt 0:00:00]} 53. Kh2 {[%emt 0:00:00]} 1/2-1/2

[Event "11th LCC FIDE Open 2019"]
[Site "London"]
[Date "2019.12.01"]
[Round "4.6"]
[White "Arkell, Keith C"]
[Black "Gordon, Stephen J"]
[Result "1/2-1/2"]
[WhiteElo "2445"]
[BlackElo "2505"]
[Annotator "ChessBase"]
[PlyCount "73"]
[EventDate "2019.11.29"]
[EventType "swiss"]
[EventCountry "ENG"]
[SourceTitle "playchess.com"]
[Source "ChessBase"]
[SourceQuality "1"]
[TimeControl "40/5400+30:1800+30"]

1. Nf3 {[%emt 0:00:00]} d5 {[%emt 0:02:19]} 2. d4 {[%emt 0:00:07]} Nf6 {[%emt 0:00:11]} 3. c4 {[%emt 0:00:06]} e6 {[%emt 0:00:17]} 4. Nc3 {[%emt 0:00:07]} c6 {[%emt 0:00:07]} 5. cxd5 {[%emt 0:00:07]} exd5 {[%emt 0:00:07]} 6. Bg5 {[%emt 0:00:05]} h6 {[%emt 0:00:29]} 7. Bh4 {[%emt 0:00:06]} Bf5 {[%emt 0:00:13]} 8. e3 {[%emt 0:00:18]} Nbd7 {[%emt 0:00:14]} 9. Bd3 {[%emt 0:00:20]} Bxd3 {[%emt 0:00:14]} 10. Qxd3 {[%emt 0:00:04]} Bd6 {[%emt 0:00:17]} 11. O-O {[%emt 0:00:10]} O-O {[%emt 0:00:13]} 12. Rfe1 {[%emt 0:02:01]} Re8 {[%emt 0:00:58]} 13. Qc2 {[%emt 0:00:24]} a5 {[%emt 0:03:06]} 14. e4 {[%emt 0:08:29]} dxe4 {[%emt 0:00:24]} 15. Nxe4 {[%emt 0:00:06]} Be7 {[%emt 0:00:34]} 16. Bxf6 {[%emt 0:00:45]} Nxf6 {[%emt 0:00:24]} 17. Nxf6+ {[%emt 0:01:43]} Bxf6 {[%emt 0:00:15]} 18. Rxe8+ {[%emt 0:04:52]} Qxe8 {[%emt 0:00:05]} 19. Re1 {[%emt 0:02:15]} Qd7 {[%emt 0:00:36]} 20. Qc4 {[%emt 0:04:27]} Rd8 {[%emt 0:01:35]} 21. Re4 {[%emt 0:07:30]} Qd5 {[%emt 0:13:54]} 22. Qxd5 {[%emt 0:00:08]} Rxd5 {[%emt 0:00:05]} 23. Kf1 {[%emt 0:11:01]} a4 {[%emt 0:09:09]} 24. Ke1 {[%emt 0:11:26]} Rb5 {[%emt 0:13:52]} 25. Re8+ {[%emt 0:07:25]} Kh7 {[%emt 0:00:11]} 26. Re2 {[%emt 0:00:24]} c5 {[%emt 0:03:42]} 27. dxc5 {[%emt 0:00:34]} Bxb2 {[%emt 0:00:22]} 28. Re4 {[%emt 0:13:35]} Bc3+ {[%emt 0:20:01]} 29. Kd1 {[%emt 0:08:26]} Bb4 {[%emt 0:03:00]} 30. Ne5 {[%emt 0:03:54]} f5 {[%emt 0:23:37]} 31. Rc4 {[%emt 0:01:11]} Rxc5 {[%emt 0:01:30]} 32. Rxb4 {[%emt 0:00:09]} Rd5+ {[%emt 0:00:13]} 33. Nd3 {[%emt 0:00:14]} Rxd3+ {[%emt 0:00:11]} 34. Kc2 {[%emt 0:00:06]} Ra3 {[%emt 0:01:14]} 35. Kb2 {[%emt 0:01:13]} Rd3 {[%emt 0:00:04]} 36. Kc2 {[%emt 0:00:05]} Ra3 {[%emt 0:00:03]} 37. Kb2 {[%emt 0:00:04]} 1/2-1/2